| 000 | 00956nam a2200289 a 4500 | ||
|---|---|---|---|
| 001 | 25008 | ||
| 003 | CO-ViMGA | ||
| 008 | 141112s2004 ck r 000 u spa d | ||
| 020 | _a9789588445717 | ||
| 040 |
_aCO-ViMGA _bspa _cCO-ViMGA |
||
| 041 | _aSPA | ||
| 090 | _aA STI1 | ||
| 100 | 1 |
_aStinson, Kathy _937963 |
|
| 245 | 1 | 0 |
_aSoy grande, soy pequeño / _cKathy Stinson ; Ilustrado por Robin Baird Lewis ; traducido por Calrisa de la Rosa |
| 260 |
_aBogotá : _bEkaré, _c2012 |
||
| 300 | _a28 p. : il. col. : il. | ||
| 490 | _aEl jardín de los niños | ||
| 650 | 1 | 4 |
_aAUTORES CANADIENSES _937964 |
| 650 | 1 | 4 |
_aCRECIMIENTO - LIBROS DE IMAGENES _937965 |
| 650 | 1 | 4 |
_aDESDE LOS 18 MESES _937966 |
| 650 | 1 | 4 |
_aILUSTRADORES CANADIENSES _937967 |
| 650 | 1 | 4 |
_aLITERATURA INFANTIL CANADIENSE _937968 |
| 650 | 1 | 4 |
_aNIÑOS - LIBROS DE IMAGENES _937969 |
| 700 | 1 |
_aDe la Rosa, Clarisa _937970 |
|
| 700 | 1 |
_aLewis, Robin Baird _937971 |
|
| 942 |
_2ddc _cBK |
||
| 999 |
_c2552 _d2552 |
||